Viajes por Europa, Africa i América, 1845-1847

Sábháilte in:
Sonraí bibleagrafaíochta
Príomhchruthaitheoir: Sarmiento, Domingo Faustino 1811-1888
Rannpháirtithe: Fernández, Javier
Formáid: LEABHAR
Teanga:Spanish
Foilsithe / Cruthaithe: [Madrid] ALLCA XX 1993
Eagrán:1. edición
Sraith:Colección archivos; 27
Ábhair:
Clibeanna: Cuir clib leis
Níl clibeanna ann, Bí ar an gcéad duine le clib a chur leis an taifead seo!

MARC

LEADER 00000nam a22000005b 4500
001 bimo0000428879
005 20150213061837.0
008 950124s1993 sp | |||| ||spa
020 |a 8488344066 
040 |a SpMaBN  |b spa  |c SpMaBN  |d CRU CIICLA 
082 |a 910  |b S246v 
100 1 |a Sarmiento, Domingo Faustino  |d 1811-1888 
245 1 0 |a Viajes por Europa, Africa i América, 1845-1847  |h [Texto impreso]  |c Domingo Faustino Sarmiento ; edición crítica Javier Fernández, coordinador 
250 |a 1. edición 
260 |a [Madrid]  |b ALLCA XX  |c 1993 
300 |a XXIX, 1108 páginas 
490 1 |a Colección archivos;   |v 27 
504 |a Bibliografía 
600 1 4 |a SARMIENTO, DOMINGO FAUSTINO  |d 1811-1888 
651 1 4 |a EUROPA  |x DESCRIPCIÓN  |2 embne 
651 1 4 |a VIAJES 
651 1 7 |a ÁFRICA  |x DESCRIPCIÓN  |2 embne 
651 7 |a ESTADOS UNIDOS  |x DESCRIPCIÓN  |2 embne 
700 1 |a Fernández, Javier  |j coordinador 
942 |2 ddc  |c BK 
956 |a 1 2 
999 |c 3883  |d 3883